Normal view
MARC view
- البوطي، محمد سعيد رمضان
Entry Personal Name
001 - CONTROL NUMBER
- control field: 41028
003 - CONTROL NUMBER IDENTIFIER
- control field: JO-AjAnu
005 - DATE AND TIME OF LATEST TRANSACTION
- control field: 20230606080820.0
008 - FIXED-LENGTH DATA ELEMENTS
- fixed length control field: 230606|| aca||aabn | a|a d
040 ## - CATALOGING SOURCE
- Original cataloging agency: JO-AjAnu
- Transcribing agency: JO-AjAnu
100 ## - HEADING--PERSONAL NAME
- Personal name: البوطي، محمد سعيد رمضان
670 ## - SOURCE DATA FOUND
- Source citation: Work cat.: (JO-AjAnu)21027: البوطي، محمد سعيد رمضان, author, الحكم العطائية شرح وتحليل، ج1